[Event "BCF-chT2 2324 (4NCL)"]
[Site "England"]
[Date "2024.02.10"]
[Round "5.37"]
[White "Duggan, John E"]
[Black "Lauterbach, Ingrid"]
[Result "1/2-1/2"]
[WhiteElo "2058"]
[BlackElo "2025"]
[PlyCount "115"]
[EventDate "2023.11.11"]
[EventType "team-tourn"]
[EventRounds "11"]
[EventCountry "ENG"]
[SourceTitle "CB11_2024"]
[SourceDate "2024.03.13"]
[SourceVersion "1"]
[SourceVersionDate "2024.03.13"]
[SourceQuality "1"]
[WhiteTeam "The ADS"]
[BlackTeam "Barbican"]
[WhiteTeamCountry "ENG"]
[BlackTeamCountry "ENG"]

1. d4 Nf6 2. Nf3 g6 3. e3 Bg7 4. b3 c5 5. Bb2 Ne4 6. Bd3 f5 7. 0-0 0-0 8. c4 Nc6 9. Nbd2 cxd4 10. exd4 Nc5 11. Qb1 Nxd3 12. Qxd3 d5 13. Ne5 Nxe5 14. dxe5 Be6 15. cxd5 Bxd5 16. Rad1 e6 17. Nc4 f4 18. f3 Qg5 19. Qe2 Rfd8 20. Nd6 Rd7 21. Ne4 Qf5 22. Nf6+ Bxf6 23. exf6 Rc8 24. Rd2 a6 25. Qe5 Qxe5 26. Bxe5 g5 27. Rff2 Kf7 28. Rc2 Bc6 29. Rfd2 Rcd8 30. Rxd7+ Rxd7 31. Kf2 Kg6 32. Ke1 Kf5 33. Rd2 Rxd2 34. Kxd2 Be8 35. Bd4 e5 36. Bb6 Kxf6 37. a4 Bc6 38. Ke2 h5 39. h3 e4 40. a5 Bb5+ 41. Ke1 e3 42. Bc7 Bc6 43. Ke2 Bd5 44. b4 Bc4+ 45. Ke1 Kf5 46. Bd6 Ke6 47. Bb8 Bb5 48. Bc7 Kd5 49. Bd8 g4 50. hxg4 hxg4 51. Bc7 gxf3 52. gxf3 Kc4 53. Bd6 Kc3 54. Bxf4 Kxb4 55. Bc7 Kc3 56. f4 Bd3 57. Bb6 e2 58. f5 1/2-1/2

[Event "BCF-chT2 2223 (4NCL)"]
[Site "England"]
[Date "2023.05.01"]
[Round "11.25"]
[White "Pert, Nina P"]
[Black "Duggan, John E"]
[Result "1-0"]
[WhiteElo "2150"]
[BlackElo "2137"]
[PlyCount "65"]
[EventDate "2022.10.22"]
[EventType "team-tourn"]
[EventRounds "11"]
[EventCountry "ENG"]
[SourceTitle "EXT 2024"]
[Source "ChessBase"]
[SourceDate "2023.10.10"]
[SourceVersion "1"]
[SourceVersionDate "2023.10.10"]
[SourceQuality "1"]
[WhiteTeam "Barbican"]
[BlackTeam "The ADS"]
[WhiteTeamCountry "ENG"]
[BlackTeamCountry "ENG"]

1. e4 c6 2. c4 d5 3. exd5 cxd5 4. cxd5 Qxd5 5. Nc3 Qa5 6. Nf3 Nf6 7. Bc4 e6 8. 0-0 a6 9. d4 b5 10. Bb3 b4 11. Ne2 Be7 12. Bf4 0-0 13. Rc1 Nd5 14. Bg3 Nd7 15. Qd3 N7f6 16. Ne5 Qb6 17. Nc6 Bd7 18. Nxe7+ Nxe7 19. Rc5 Rac8 20. Rfc1 Ned5 21. Nf4 Ne7 22. Bh4 Ned5 23. Nxd5 Nxd5 24. h3 Qb7 25. Qg3 Qb6 26. Qe5 f6 27. Qe4 Rxc5 28. Rxc5 Ne7 29. Bg3 Rc8 30. Rxc8+ Bxc8 31. d5 Nxd5 32. Bxd5 f5 33. Qxf5 1-0

[Event "BCF-chT2 2223 (4NCL)"]
[Site "England"]
[Date "2023.04.30"]
[Round "10.35"]
[White "Verma, Aditya"]
[Black "Duggan, John E"]
[Result "1-0"]
[WhiteElo "2252"]
[BlackElo "2137"]
[PlyCount "55"]
[EventDate "2022.10.22"]
[EventType "team-tourn"]
[EventRounds "11"]
[EventCountry "ENG"]
[SourceTitle "EXT 2024"]
[Source "ChessBase"]
[SourceDate "2023.10.10"]
[SourceVersion "1"]
[SourceVersionDate "2023.10.10"]
[SourceQuality "1"]
[WhiteTeam "KJCA Kings"]
[BlackTeam "The ADS"]
[WhiteTeamCountry "ENG"]
[BlackTeamCountry "ENG"]

1. e4 c6 2. d4 d5 3. e5 c5 4. dxc5 e6 5. Be3 Qc7 6. Nf3 Bxc5 7. Bxc5 Qxc5 8. Nbd2 Bd7 9. Bd3 Ne7 10. 0-0 Bb5 11. c4 dxc4 12. Rc1 Nbc6 13. Nxc4 Bxc4 14. Rxc4 Qd5 15. Qe2 Rd8 16. Rd1 Ng6 17. Bc2 Qa5 18. Rxd8+ Qxd8 19. h4 Qa5 20. h5 Nge7 21. a3 g6 22. Re4 h6 23. hxg6 Nxg6 24. Ra4 Qd8 25. Bxg6 fxg6 26. Qe4 Kf7 27. Nd4 b5 28. Qf3+ 1-0

[Event "BCF-chT2 2223 (4NCL)"]
[Site "England"]
[Date "2023.03.19"]
[Round "8.26"]
[White "Willetts, Stephen J"]
[Black "Duggan, John E"]
[Result "0-1"]
[WhiteElo "1988"]
[BlackElo "2137"]
[PlyCount "82"]
[EventDate "2022.10.22"]
[EventType "team-tourn"]
[EventRounds "11"]
[EventCountry "ENG"]
[SourceTitle "EXT 2024"]
[Source "ChessBase"]
[SourceDate "2023.10.10"]
[SourceVersion "1"]
[SourceVersionDate "2023.10.10"]
[SourceQuality "1"]
[WhiteTeam "Alba"]
[BlackTeam "The ADS"]
[WhiteTeamCountry "ENG"]
[BlackTeamCountry "ENG"]

1. d4 Nf6 2. c4 e6 3. Nc3 Bb4 4. e3 c5 5. a3 Bxc3+ 6. bxc3 0-0 7. Nf3 b6 8. Be2 Bb7 9. 0-0 d6 10. Nd2 Nc6 11. Bf3 Qc7 12. Re1 Na5 13. Bxb7 Qxb7 14. Bb2 Rac8 15. Rc1 Ne4 16. Nxe4 Qxe4 17. Qe2 Qb7 18. Red1 Rfd8 19. d5 e5 20. e4 Qa6 21. Rc2 Qxc4 22. Qxc4 Nxc4 23. Bc1 b5 24. Ra2 a5 25. f4 exf4 26. Bxf4 Re8 27. Kf2 Rxe4 28. Kf3 f5 29. Rb1 Rb8 30. g4 Ne5+ 31. Bxe5 Rxe5 32. Rab2 fxg4+ 33. Kxg4 b4 34. axb4 axb4 35. cxb4 Re4+ 36. Kf3 Rexb4 37. Rxb4 Rxb4 38. Rd1 Kf7 39. Ke3 Kf6 40. Rf1+ Ke5 41. Rg1 Rb3+ 0-1

[Event "BCF-chT 2122 (4NCL)"]
[Site "England"]
[Date "2022.06.26"]
[Round "11.95"]
[White "Duggan, John E"]
[Black "Martyn, Rafe"]
[Result "1/2-1/2"]
[WhiteElo "2085"]
[BlackElo "2210"]
[PlyCount "60"]
[EventDate "2021.11.27"]
[EventType "team-swiss"]
[EventRounds "11"]
[EventCountry "ENG"]
[SourceTitle "EXT 2023"]
[Source "ChessBase"]
[SourceDate "2022.10.05"]
[SourceVersion "1"]
[SourceVersionDate "2022.10.05"]
[SourceQuality "1"]
[WhiteTeam "The ADS"]
[BlackTeam "Barbican"]
[WhiteTeamCountry "ENG"]
[BlackTeamCountry "ENG"]

1. d4 d5 2. Nf3 Nf6 3. c4 c6 4. e3 e6 5. Bd3 dxc4 6. Bxc4 c5 7. Qe2 a6 8. dxc5 Bxc5 9. 0-0 0-0 10. a3 b5 11. Bd3 Nbd7 12. b4 Bd6 13. Bb2 Bb7 14. Nbd2 Qb8 15. h3 Ne5 16. Nxe5 Bxe5 17. Nb3 Ne4 18. Rac1 Bxb2 19. Qxb2 Rc8 20. Rxc8+ Qxc8 21. Rc1 Qd8 22. Qd4 Nf6 23. Qxd8+ Rxd8 24. Nc5 Bc8 25. Kf1 Kf8 26. Ke2 Ke7 27. Ne4 Nd5 28. Rc5 Bb7 29. f3 f5 30. Nc3 Nxc3+ 1/2-1/2

[Event "BCF-chT 2122 (4NCL)"]
[Site "England"]
[Date "2022.06.25"]
[Round "10.115"]
[White "Brewer, Callum D"]
[Black "Duggan, John E"]
[Result "0-1"]
[WhiteElo "2147"]
[BlackElo "2085"]
[PlyCount "118"]
[EventDate "2021.11.27"]
[EventType "team-swiss"]
[EventRounds "11"]
[EventCountry "ENG"]
[SourceTitle "EXT 2023"]
[Source "ChessBase"]
[SourceDate "2022.10.05"]
[SourceVersion "1"]
[SourceVersionDate "2022.10.05"]
[SourceQuality "1"]
[WhiteTeam "Sussex Martlets"]
[BlackTeam "The ADS"]
[WhiteTeamCountry "ENG"]
[BlackTeamCountry "ENG"]

1. e4 e6 2. d4 d5 3. Nd2 h6 4. Ngf3 Nf6 5. e5 Nfd7 6. c3 c5 7. Bd3 Nc6 8. Qe2 Qc7 9. a3 a5 10. b3 Be7 11. Bb2 cxd4 12. cxd4 Qb6 13. Rc1 Nf8 14. Qe3 Bd7 15. h4 Na7 16. 0-0 Bb5 17. Rc2 Bxd3 18. Qxd3 Nd7 19. h5 Nc6 20. Qe3 Nf8 21. Ne1 0-0-0 22. Nd3 Kb8 23. Bc3 Bxa3 24. Ra1 Bb4 25. Bxb4 Nxb4 26. Nxb4 Qxb4 27. Ra4 Qb6 28. b4 Nd7 29. Qa3 Rc8 30. bxa5 Qa6 31. Rxc8+ Rxc8 32. Qb2 Qc6 33. Rb4 Qc1+ 34. Kh2 Qxb2 35. Rxb2 Ka7 36. Ra2 Rc3 37. f4 Nb8 38. Nf3 Nc6 39. Kg1 Ka6 40. Kf2 Nxa5 41. Ke2 b5 42. Nd2 b4 43. Nb1 Rc7 44. Nd2 Kb5 45. g4 b3 46. Rxa5+ Kxa5 47. Nxb3+ Kb4 48. Nc5 Kc4 49. Ke3 Ra7 50. f5 exf5 51. gxf5 Ra3+ 52. Kf4 Kxd4 53. Nb7 Ra1 54. e6 Rf1+ 55. Kg4 fxe6 56. fxe6 Re1 57. Nd8 Ke5 58. Nc6+ Kxe6 59. Nd4+ Kf6 0-1

[Event "BCF-chT2a 1920 (4NCL)"]
[Site "Daventry"]
[Date "2020.02.29"]
[Round "1.16"]
[White "Duggan, John E"]
[Black "Redmond, John P"]
[Result "0-1"]
[WhiteElo "2139"]
[BlackElo "2194"]
[PlyCount "140"]
[EventDate "2020.01.11"]
[EventType "team-tourn"]
[EventRounds "11"]
[EventCountry "ENG"]
[SourceTitle "CBM 195 Extra"]
[Source "ChessBase"]
[SourceDate "2020.05.31"]
[SourceVersion "1"]
[SourceVersionDate "2020.05.31"]
[SourceQuality "1"]
[WhiteTeam "The ADS"]
[BlackTeam "West is Best"]
[WhiteTeamCountry "ENG"]
[BlackTeamCountry "ENG"]

1. d4 Nf6 2. Nf3 d5 3. e3 c5 4. Be2 Nc6 5. 0-0 Bf5 6. c3 e6 7. Nbd2 Qc7 8. Qa4 Bd6 9. dxc5 Bxc5 10. Nb3 Bc2 11. Ne1 Bxb3 12. axb3 0-0 13. Nf3 Bd6 14. h3 Ne4 15. Bd2 Ne5 16. Be1 Nd7 17. Qd4 Ndc5 18. Qd1 Rfd8 19. Qc2 a6 20. c4 Qe7 21. b4 Nd7 22. c5 Bc7 23. Bd3 f5 24. Nd4 Ne5 25. Be2 Rac8 26. f3 Nf6 27. f4 Ned7 28. c6 Bb6 29. Bxa6 Bxd4 30. Bxb7 Bxe3+ 31. Kh1 Rc7 32. b5 Nb6 33. Qb3 Nc4 34. Bb4 Bc5 35. b6 Nxb6 36. Ba5 Rxb7 37. cxb7 Qxb7 38. Rfc1 Bf2 39. Rc2 Ne4 40. Rxf2 Nxf2+ 41. Kg1 Ra8 42. Ra3 Nxh3+ 43. gxh3 Rb8 44. Qe3 Nc4 45. Qxe6+ Qf7 46. Qxf7+ Kxf7 47. Ra1 Nxa5 48. Rxa5 Rxb2 49. Rxd5 g6 50. Rd7+ Kg8 51. Rd3 Kg7 52. Rf3 Kf6 53. Re3 Kg7 54. Rf3 Kh6 55. Rg3 Kh5 56. Rf3 Kh4 57. Kh1 h6 58. Kg1 Rb5 59. Kg2 g5 60. fxg5 hxg5 61. Rf2 f4 62. Rf3 Rb2+ 63. Kg1 Re2 64. Ra3 Re3 65. Ra8 Kxh3 66. Kf2 Kg4 67. Ra4 Rb3 68. Ra5 Rb2+ 69. Kg1 Kh4 70. Ra4 Kg3 0-1

[Event "BCF-chT2 1819 (4NCL) Demotion"]
[Site "England"]
[Date "2019.03.17"]
[Round "8.55"]
[White "Freeland, Alex"]
[Black "Duggan, John E"]
[Result "1-0"]
[WhiteElo "2046"]
[BlackElo "2222"]
[PlyCount "103"]
[EventDate "2018.11.10"]
[EventType "team-tourn"]
[EventRounds "11"]
[EventCountry "ENG"]
[SourceTitle "EXT 2021"]
[Source "ChessBase"]
[SourceDate "2020.10.23"]
[SourceVersion "1"]
[SourceVersionDate "2020.10.23"]
[SourceQuality "1"]
[WhiteTeam "West is Best II"]
[BlackTeam "The ADS"]
[WhiteTeamCountry "ENG"]
[BlackTeamCountry "ENG"]

1. d4 Nf6 2. c4 e6 3. Nc3 Bb4 4. e3 b6 5. Nf3 Bb7 6. Bd3 0-0 7. Qc2 d5 8. cxd5 exd5 9. 0-0 Re8 10. Ne5 a6 11. Bd2 c5 12. a3 Ba5 13. Rab1 c4 14. b4 cxb3 15. Qxb3 Nbd7 16. f4 Qe7 17. Be1 Rac8 18. Na4 Bxe1 19. Rbxe1 b5 20. Nc3 Nb6 21. Nxb5 axb5 22. Qxb5 Na8 23. a4 Red8 24. Rb1 Rc7 25. Rf2 Ne8 26. a5 Nd6 27. Qb4 f6 28. a6 Bc8 29. Nf3 Nc4 30. Bxc4 dxc4 31. Qxe7 Rxe7 32. Rb8 Ra7 33. Rc2 Nc7 34. Rxc4 Kf7 35. Rb7 Bxb7 36. Rxc7+ Kg6 37. axb7 Rb8 38. Nh4+ Kh5 39. Nf5 Rbxb7 40. Nxg7+ Kg6 41. Rxb7 Rxb7 42. Ne6 Rb2 43. e4 f5 44. e5 Rd2 45. h3 h5 46. Kf1 h4 47. Ke1 Rxg2 48. d5 Kf7 49. Nd4 Rh2 50. d6 Rxh3 51. e6+ Ke8 52. d7+ 1-0

[Event "BCF-chT2a 1819 (4NCL)"]
[Site "England"]
[Date "2019.03.16"]
[Round "7.25"]
[White "Ethelontis, Alexandros N"]
[Black "Duggan, John E"]
[Result "1-0"]
[WhiteElo "2177"]
[BlackElo "2222"]
[PlyCount "103"]
[EventDate "2018.11.10"]
[EventType "team-tourn"]
[EventRounds "11"]
[EventCountry "ENG"]
[SourceTitle "EXT 2021"]
[Source "ChessBase"]
[SourceDate "2020.10.23"]
[SourceVersion "1"]
[SourceVersionDate "2020.10.23"]
[SourceQuality "1"]
[WhiteTeam "Barnet Knights"]
[BlackTeam "The ADS"]
[WhiteTeamCountry "ENG"]
[BlackTeamCountry "ENG"]

1. c4 Nf6 2. g3 g6 3. Bg2 Bg7 4. Nc3 0-0 5. d3 d6 6. Bg5 h6 7. Bd2 e5 8. e4 c6 9. Nge2 Be6 10. 0-0 Na6 11. h3 Qd7 12. Kh2 d5 13. exd5 cxd5 14. d4 exd4 15. Nxd4 dxc4 16. Nxe6 Qxe6 17. Re1 Qf5 18. Be3 Nc5 19. Qf3 Qxf3 20. Bxf3 Nd3 21. Re2 Nd7 22. Rb1 N7c5 23. Bd5 Rac8 24. Bxc4 Nxb2 25. Rexb2 Bxc3 26. Rc2 Ne4 27. Bd5 Nd6 28. Rbc1 Bg7 29. Rxc8 Rxc8 30. Rxc8+ Nxc8 31. Bxb7 Nb6 32. Bc6 g5 33. Kg2 Bc3 34. Kf3 Kg7 35. Ke4 Kf6 36. Kd3 Bb4 37. f4 Be1 38. g4 Bg3 39. f5 Ke7 40. Bd4 f6 41. Ke4 Bb8 42. a4 Bc7 43. Bb5 Bd8 44. Bc5+ Kf7 45. a5 Nc8 46. Bd7 Be7 47. Kd5 Bxc5 48. Kxc5 Ne7 49. a6 Kf8 50. Kd6 Kf7 51. Be6+ Ke8 52. Kc7 1-0

[Event "BCF-chT2a 1819 (4NCL)"]
[Site "England"]
[Date "2019.02.09"]
[Round "5.25"]
[White "Mason, Donald"]
[Black "Duggan, John E"]
[Result "1-0"]
[WhiteElo "2074"]
[BlackElo "2222"]
[PlyCount "41"]
[EventDate "2018.11.10"]
[EventType "team-tourn"]
[EventRounds "11"]
[EventCountry "ENG"]
[SourceTitle "EXT 2021"]
[Source "ChessBase"]
[SourceDate "2020.10.23"]
[SourceVersion "1"]
[SourceVersionDate "2020.10.23"]
[SourceQuality "1"]
[WhiteTeam "Warwicks Select"]
[BlackTeam "The ADS"]
[WhiteTeamCountry "ENG"]
[BlackTeamCountry "ENG"]

1. e4 e6 2. d4 d5 3. Nd2 a6 4. Ngf3 Nf6 5. Bd3 c5 6. c3 Nc6 7. 0-0 Be7 8. Re1 dxe4 9. Nxe4 cxd4 10. cxd4 h6 11. a3 Nd5 12. Be3 Bd7 13. Rc1 Qb6 14. b4 Na7 15. Ne5 Nxe3 16. fxe3 Bb5 17. Bb1 Nc6 18. Qg4 g5 19. Nxf7 Rf8 20. Qxe6 Rxf7 21. Nd6+ 1-0

[Event "US Open-115"]
[Site "Orlando"]
[Date "2014.07.29"]
[Round "4"]
[White "Duggan, John E"]
[Black "Bregadze, Levan"]
[Result "0-1"]
[WhiteElo "2140"]
[BlackElo "2435"]
[PlyCount "122"]
[EventDate "2014.07.26"]
[EventType "swiss"]
[EventRounds "9"]
[EventCountry "USA"]
[SourceTitle "CBM 161 Extra"]
[Source "ChessBase"]
[SourceDate "2014.08.29"]
[SourceVersion "1"]
[SourceVersionDate "2014.08.29"]
[SourceQuality "1"]

1. d4 Nf6 2. Nf3 g6 3. g3 Bg7 4. Bg2 0-0 5. 0-0 d6 6. c4 Nc6 7. Nc3 e5 8. dxe5 Nxe5 9. Nxe5 dxe5 10. Bg5 Qxd1 11. Raxd1 h6 12. Be3 c6 13. Bc5 Re8 14. e4 Be6 15. b3 Bf8 16. Bd6 Bxd6 17. Rxd6 Red8 18. Rfd1 Rxd6 19. Rxd6 Kf8 20. f3 Ke7 21. Rd2 Nd7 22. Kf2 Nc5 23. Bf1 Bd7 24. Ke3 Ne6 25. Bh3 Nc5 26. Bxd7 Nxd7 27. Ne2 h5 28. h4 f6 29. f4 Nc5 30. Nc3 a5 31. Rf2 Rd8 32. Rd2 Rxd2 33. Kxd2 exf4 34. gxf4 g5 35. fxg5 fxg5 36. hxg5 Ne6 37. Ke3 Nxg5 38. Kf4 Ne6+ 39. Ke5 h4 40. Ne2 h3 41. Ng3 h2 42. Nf5+ Kd7 43. Ng3 b6 44. Kf6 Nf4 45. Nh1 Nd3 46. e5 Nc5 47. Kf7 b5 48. a4 bxa4 49. bxa4 Ne6 50. Kf6 Nc7 51. Kf7 Ne6 52. Kf6 Nd4 53. Kf7 Nf5 54. e6+ Kd6 55. Kf6 Nh6 56. Ng3 Ng4+ 57. Kf7 Ne5+ 58. Kf6 Nxc4 59. e7 Kd7 60. Kf7 Nd6+ 61. Kf8 c5 0-1